| 000 | 00696nam a22001937a 4500 | ||
|---|---|---|---|
| 999 |
_c17847 _d17847 |
||
| 003 | AR-CdUCM | ||
| 008 | 190509b ||||| |||| 00| 0 spa d | ||
| 040 |
_aMUNICIPALIDAD PROVINCIAL DEL CUSCO _cBIBLIOTECA MUNICIPAL DEL CUSCO |
||
| 082 |
_a869.44 / _bB32 |
||
| 100 |
_aBedregal, Juan Francisco. _923421 |
||
| 245 |
_aFiguras animadas : _bCuentos ? / |
||
| 260 |
_aLa Paz : _bAmérica, |
||
| 300 |
_a145 páginas ; _c19 cm. |
||
| 505 | _aContenido : Don Quijote en la ciudad de la Paz -- Arrepentimiento -- Domingo de ramos -- La madre de Satanás -- Sentido practico ... | ||
| 650 |
_aFiguras animadas. _938035 |
||
| 650 |
_aSiglo XX. _98 |
||
| 942 |
_2ddc _cLIBROS |
||
| 945 |
_arum _d2019-05-09 |
||